Mediación y opacidad de las escrituras y de los dogmas (Record no. 380471)

000 -CABECERA
Campo de control de longitud fija 00394nab a22001217u 4500
005 - FECHA Y HORA DE LA ÚLTIMA TRANSACCIÓN
Campo de control 20210918150154.0
008 - CÓDIGOS DE INFORMACIÓN DE LONGITUD FIJA
Campo de control de longitud fija 130520b2007 xxu||||| |||| 00| 0 spa d
041 ## - CÓDIGO DE LENGUA
Código de lengua del texto/banda sonora o título independiente spa
100 1# - PUNTO DE ACCESO PRINCIPAL-NOMBRE DE PERSONA
Nombre de persona Melloni Ribas, Javier
9 (RLIN) 25233
245 00 - MENCIÓN DE TÍTULO
Título Mediación y opacidad de las escrituras y de los dogmas
Mención de responsabilidad, etc. Javier Melloni Ribas
773 0# - ENLACE AL DOCUMENTO FUENTE
Título Concilium
Parte(s) relacionada(s) nº319,2007,págs. 79-86
Número Internacional Normalizado para Publicaciones Seriadas (ISSN) 0210-1041
Número de control del registro relacionado Rev134
942 ## - ENTRADA DE ELEMENTOS AGREGADOS (KOHA)
Koha [por defecto] tipo de item Artículos de revista
Fuente de clasificaión o esquema
Holdings
Suprimido Perdido Estropeado No para préstamo Localización permanente Localización actual Localización en estantería Fecha adquisición Préstamos totales Fecha última consulta Fecha del precio de reemplazo Tipo de item de Koha
        San Esteban San Esteban Depósito de revistas 21/05/2013   21/05/2013 21/05/2013 Artículos de revista

Bibliotecas Dominicos Provincia Hispania, 2016

Con tecnología Koha